Score 0/42 Timer 04:00
0 Plays Today
Hint 4-Letter Word % Correct
Green citrus fruitLIME
98.2%
⌘ Small, medium, or large ⌘SIZE
97.7%
⌘ Straight mark between two points ⌘LINE
97.6%
Trigonometric functionSINE
94%
⌘ Of great length ⌘LONG
92.9%
⌘ Not more ⌘LESS
92.3%
Pot smoker's water pipeBONG
92%
Sudden loud noiseBANG
91.7%
Wild pigBOAR
91.7%
Solitary or singleLONE
91.4%
⌘ Chronological progression ⌘TIME
91%
Eyesight improverLENS
89.8%
⌘ Not domesticated ⌘WILD
89.6%
⌘ Water craft ⌘BOAT
89.4%
Musical soundTONE
89.3%
Low male voiceBASS
88.6%
Young womanLASS
88.4%
To loanLEND
88.4%
ProhibitsBANS
87.1%
Metal fastener with nutBOLT
86.9%
Large scholarly bookTOME
86.9%
Hint 4-Letter Word % Correct
Connery or BeanSEAN
86.7%
Laurie or JackmanHUGH
86.6%
Rise high in the airSOAR
86.3%
Join metal by heatWELD
86.2%
Chair or stoolSEAT
85.9%
Beyond largeHUGE
85.5%
⌘ Way up there ⌘HIGH
85.4%
Confident and courageousBOLD
85.2%
Precious metal (atomic #79)GOLD
85.1%
Deep, audible breathSIGH
83.5%
⌘ What you hope for on Facebook ⌘LIKE
82.4%
The third gospelLUKE
81.2%
Small Olympic sledLUGE
81.1%
Go slowly by an indirect routeWEND
78.8%
What can be done to a lilyGILD
76.4%
Star Wars Lord from the Dark SideSITH
73%
Little brother to Abel and CainSETH
65.5%
Train for a boxing matchSPAR
65.3%
⌘ Full extent ⌘SPAN
61.2%
Rectangular paving block SETT
58.5%
⌘⌘ COMMON BOND ⌘⌘LIFE
28.4%

Today's Daily Dose

Remove Ads.
Support Sporcle.
Get the best of Sporcle when you Go Orange. This ad-free experience offers more features, more stats, and more fun while also helping to support Sporcle. Thank you for becoming a member.

You're not logged in!

Compare scores with friends on all Sporcle quizzes.
OR
Log In

Show Comments

Extras

Top Quizzes Today


Score Distribution

Your Account Isn't Verified!

In order to create a playlist on Sporcle, you need to verify the email address you used during registration. Go to your Sporcle Settings to finish the process.

Report this User

Report this user for behavior that violates our Community Guidelines.

Details: